000
00294nam a22001337a 4500
008
260408b ||||| |||| 00| 0 eng d
020
_a
9788764917710
041
_a
eng
080
_a
1.1
100
_a
25
101
_a
psikologji
245
_a
Self Analysis
_c
L.Ron Hubbard
942
_2
udc
_c
BK
999
_c
60966
_d
60966